Una fortuna peligrosa / (Registro nro. 10713)

Detalles MARC
000 -LIDER
fixed length control field 00881nam a22002897a 4500
001 - NÚMERO DE CONTROL
Identificador de número de control 000362
003 - IDENTIFICACDOR DE NÚMERO DE CONTROL
control field DO-SdBNP
005 - DATE AND TIME OF LATEST TRANSACTION
control field 20171120110303.0
007 - CAMPOS FIJOS DE DESCRIPCIÓN FÍSICA
fixed length control field 000362
008 - ELEMENTOS DE LONGITUD FIJA
fixed length control field 160706b 2001 sp xxu||||| |||| 00| 0 spa d
020 ## - ISBN
International Standard Book Number 8439706685
040 ## - FUENTE DE CATALOGACIÓN
Agencia que crea de manera original el registro BPMSU
Idioma de catalogación spa
Agencia que realiza la transcripción BPMSU
082 #4 - NÚMERO DE CLASIFICACIÓN DECIMAL DE DEWEY
Classification number 823.914
Item number F667u
100 1# - ASIENTO PRINCIPAL -- NOMBRE PERSONAL
Nombre personal Follett, Ken
Mención de responsabilidad 1949-
240 10 - TITULO UNIFORME
Título uniforme A dangerous fortune
Idioma de una obra Español
245 10 - MENCIÓN DE TITULO
Título Una fortuna peligrosa /
Mención de responsabilidad Ken Follett ; traducción de Manuel Bartolomé
260 0# - PUBLICACIÓN, DISTRIBUCIÓN, ETC. (PIE DE IMPRENTA)
Lugar de publicación, distribución, etc Barcelona :
Nombre del editor, distribuidor, etc. Grijalbo Mondadori,
Fecha de publicación, distribución, etc 1993.
300 ## - DESCRIPCIÓN FÍSICA
Extensión 670 p. ;
Dimensiones 18 cm.
500 ## - NOTA GENERAL
Nota general Translation of: A dangerous fortune.
650 #4 - ENCABEZAMIENTO DE MATERIA--TEMÁTICO
Término temático o nombre geográfico como elemento de entrada NOVELA INGLESA
650 #4 - ENCABEZAMIENTO DE MATERIA--TEMÁTICO
Término temático o nombre geográfico como elemento de entrada LITERATURA INGLESA
700 12 - ASIENTO SECUNDARIO -- NOMBRE PERSONAL
Nombre personal Bartolomé, Manuel
Mención de responsabilidad trad.
910 ## - VALIDACIÓN
Validación Validado.Control de calidad MFF
942 ## - ADDED ENTRY ELEMENTS (KOHA)
Source of classification or shelving scheme Dewey Decimal Classification
Koha item type Libros
945 ## - INFORMACIÓN DE PROCESAMIENTO LOCAL
Información de procesamiento local Inventariado, 2017/MFF
956 ## - LOCAL ELECTRONIC LOCATION AND ACCESS (OCLC)
Método de acceso LOPEREZ
Materiales especificados 10
Enlace 20160706
Campo enlazado y núm. de secuencia BPMSU
Nombre de host 00041
Existencias
Withdrawn status Lost status Source of classification or shelving scheme Damaged status Not for loan Collection code Home library Current library Date acquired Source of acquisition Total Checkouts Full call number Barcode Date last seen Price effective from Koha item type
    Dewey Decimal Classification     Colección General Biblioteca Pública Metropolitana Salomé Ureña Biblioteca Pública Metropolitana Salomé Ureña 07/06/2016 Roberto Antonio Férnandez   823.914 F667u BPMSU16070132 07/06/2016 07/06/2016 Libros